| 000 | 00425nam a2200193Ia 4500 | ||
|---|---|---|---|
| 003 | OSt | ||
| 005 | 20251126105318.0 | ||
| 008 | 250729s1900 xx 000 0 und d | ||
| 020 | _a 978-1528149259 | ||
| 040 | _cAL | ||
| 041 | _aeng | ||
| 082 | _a370 ADMS | ||
| 100 |
_aAdams John _9224913 |
||
| 245 | _a students guide | ||
| 260 | _aLondon | ||
| 300 | _a296p | ||
| 650 |
_aEducation _9224914 |
||
| 942 |
_2ddc _cBED |
||
| 999 |
_c236652 _d236652 |
||